Yugioh Spell Cards By Description - Statistics

General Stats
  • This quiz has been taken 15 times
  • The average score is 7 of 35
Answer Stats
Hint Answer % Correct
Destroy all of your opponent's monsters Raigeki
77%
Destroy all monsters on the field Dark Hole
69%
Destroy all spells and traps on the field Heavy Storm
62%
"WHAT DOES *** ** ***** DO" Pot of Greed
62%
Tribute 1 "LV" monster, then special summon 1 "LV" monster of a higher level with the same name Level Up!
54%
Destroy all spells and traps on the opponents field Harpie's Feather Duster
46%
Discard 1 card, destroy all face up monsters on the opponent's field Lightning Vortex
38%
Double the ATK for all machine-type monsters on your field this turn, but destroy them at the end of this turn Limiter Removal
38%
Special summon 4 tokens (0 ATK/ 0 DEF/ EARTH/ Beast-type/ Normal monster) in face up defense position. These tokens cannot be used to tribute summon Scapegoat
38%
Pay 1000 life points Toon World
38%
Pay 2000 life points. On the twentieth standby phase after this card was activated, you win the duel Final Countdown
31%
Fusion summon an "Elemental Hero" fusion monster by banishing fusion material from your GY Miracle Fusion
31%
Discard 1 card, fusion summon 1 monster from your extra deck by using at least 1 monster from each players fields. Neither player can activate card effects in response to this card's activation Super Polymerization
31%
Send any amount of cards back to your deck, reshuffle, then draw the same amount of cards Magical Mallet
23%
Increase the ATK for all "Ancient Gear" monsters by 300. When an "Ancient Gear" monster is summoned, place a counter on this card. When tribute summoning an "Ancient Gear" monster, if this card has counters greater than or equal to the required number of tributes, you can tribute this card instead Ancient Gear Castle
15%
At the end phase of either player's turn, the turn player tributes 1 monster, then deals half its ATK as damage to the opponent Ectoplasmer
15%
Equip only to a spellcaster-type monster, increase its ATK by 500. When destroyed restore 2000 life points Magic Formula
15%
Double the equipped monster's original ATK if your life points are lower than your opponent's. Half the equipped monster's original ATK if your life points are higher than your opponent's Megamorph
15%
Discard your hand. Banish 5 Spells/Traps from your deck. When your opponent activates a spell, place a counter on this card (Max 2). You can remove 2 counters, then have your opponent select a card banished by this effect. That card is added to your hand. When this card leaves the field, you take 500 damage for every remaining card banished by this effect Spell Chronicle
15%
Fusion summon 1 fiend-type monster from your extra deck using fusion material from your field or hand. This fusion monster cannot be targeted by your opponent's card effects this turn Dark Fusion
8%
You can only activate this card by drawing it on your draw phase and revealing it to your opponent. Special summon 1 "Number" monster with a number from 101 to 107 and use it to xyz summon 1 "C Number" monster with the same number but 1 rank higher. You can only activate this card once per duel Rank-Up-Magic The Seventh One
8%
Anime Exclusive: Tribute "Toon World". Toon-type monsters are not destroyed as a result of "Toon World" leaving the field this turn. This card's name is also treated as "Toon World". Increase the ATK of all LIGHT toon-type monsters by 500 Shine Palace
8%
Declare a card name, excavate the top card of your deck and if right add to your hand or special summon 1 DIVINE monster from your deck The True Name
8%
Duel Links Exclusive: Activate only when you switch to your battle phase. Negate all of your opponent's face down spells and traps Anti-Magic Arrows
0%
Anime Exclusive: Special summon as many non-zombie-type monsters from your GY as possible. Change all monsters summoned by this effect to zombie-type. When a monster summoned by this effect would be destroyed, it instead increases its ATK by 10% of its original ATK, and you take no battle damage in battles involving monsters summoned by this effect, but if the change in ATK by this effect is 0, negate this effect. Call of the Haunted
0%
Destroy 1 set card, then discard 1 card Dark World Lightning
0%
Anime Exclusive: When activating a spell effect that can only target your monsters, you can activate this card, declare one of the following effects. 1: You can target your opponents monsters with the effect this card was activated in response to. 2: Activate the effect of a spell card your opponent has activated during this duel Living Arrow
0%
Target 1 XYZ monster your control. Special summon 1 "Number C" or "CXyz" monster of the same type as the selected monster, but 1 rank higher. Attach the targeted XYZ monster and its xyz material to the special summoned monster, then attach 1 xyz material of an xyz monster on your opponent's field to it. Rank-Up-Magic Barian's Force
0%
Anime Exclusive: Reveal 4 "Forbidden One" Monsters in your hand, then send 2 of them to the GY and return the remaining 2 to your deck. Special summon "Exodius, The Ultimate Forbidden Lord" from your hand or deck Ritual of the Ultimate Forbidden Lord
0%
Target 2 monsters on the field. Cut the ATK of the first target in half, then increase the ATK of the second target by the same amount the first target lost. Riyoku
0%
Anime Exclusive: Cut your opponent's life points in half, then increase the ATK of 1 monster on your field by the amount they lost Riyoku
0%
Increase the ATK of all monsters on your field by 500. This card cannot be destroyed once per turn. When you control at least 2 attack position monsters, your opponent cannot target the lower ATK monster for attacks. When this card is activated, destroy all special summoned monsters you control. You cannot special summon from the extra deck Seal of Orichalcos
0%
Anime Exclusive: Target a monster on the opponent's field. Equip this card to it. The equipped monster loses 700 ATK, and cannot attack or change battle positions Shadow Spell
0%
When the equipped monster battles, your opponent cannot activate spells or traps, and their face up spells and traps have their effects negated during the battle step. When the equipped monster destroys a monster in battle, destroy all of the opponent's spells and traps. When this card leaves the field, you take 3000 damage White Veil
0%
Draw 1 card for every XYZ monster on the field XYZ Treasure
0%
No matching quizzes found
Score Distribution
Percent of People with Each Score
Percentile by Number Answered
Your Score History
You have not taken this quiz